00447nam a2200169Ia 4500001001000000003000500010008004100015010001100056040000900067082001800076100002000094245008600114260003000200300001100230650002000241700001600261Para_1583CHAP220125s1987 xx 000 0 und d a204462 cCHAP aPA 632.3 D55y aDickinson, C.H. aPatología vegetal y patógenos de plantas /c por C.H. Dickinson y J.A. Lucas aMéxico, D.F. :b Limusa a312 p. aFitopatología aLucas, J.A.